Find the Fruits, Veto the Veggies Quiz Stats

Quiz Updated May 3, 2013

Challenge
Share
Tweet
Embed
Score 0/20 Timer 03:00
14 Plays Today
% Correct
Apple
98.8%
Orange
98.8%
Grape
98.8%
Kiwifruit
98.7%
Blueberry
98.6%
Pineapple
98.6%
Watermelon
98.6%
Banana
98.6%
Strawberry
98.5%
Pomegranate
98.3%
% Correct
Tomato
97%
Guava
96.5%
Fig
95.8%
Mulberry
95.6%
Avocado
93.4%
Pumpkin
90.4%
Satsuma
84%
Eggplant
73.5%
Cucumber
72.9%
Chili Pepper
65.4%

You're not logged in!

Compare scores with friends on all Sporcle quizzes.
Join for Free
OR
Log In

You Might Also Like...

Show Comments

Extras

Top Quizzes Today


Score Distribution

Your Account Isn't Verified!

In order to create a playlist on Sporcle, you need to verify the email address you used during registration. Go to your Sporcle Settings to finish the process.

Report this User

Report this user for behavior that violates our Community Guidelines.

Details: